| 000 | 00769nam a22002537a 4500 | ||
|---|---|---|---|
| 999 |
_c16400 _d16400 |
||
| 003 | AR-CdUCM | ||
| 008 | 190503b ||||| |||| 00| 0 spa d | ||
| 040 |
_aMUNICIPALIDAD PROVINCIAL DEL CUSCO _cBIBLIOTECA MUNICIPAL DEL CUSCO |
||
| 041 | _hrus | ||
| 082 |
_a891.51 / _bD93 |
||
| 100 |
_aDostoievski, Fedor Mikhaylovich _935826 |
||
| 245 | _aEl idiota / | ||
| 260 |
_aBarcelona : _bIberia, _c1962. |
||
| 300 |
_a317 páginas ; _c19 cm. |
||
| 440 |
_aObras Maestras. _n2 _935827 |
||
| 505 | _aContenido: v.2: Novela. | ||
| 650 |
_aNovelas Rusas _92132 |
||
| 650 |
_aLiteratura Rusa _910457 |
||
| 650 |
_aSiglo XX _98 |
||
| 700 |
_aZaitsev, Sergio _935828 |
||
| 700 |
_aLuaces, Juan D. de (traductores) _935829 |
||
| 942 |
_2ddc _cLIBROS |
||
| 945 |
_aachl _d2019-05-03 |
||